The cooking of the Carribean Islands/ (Record no. 6037)

MARC details
000 -LEADER
fixed length control field 00559nam a22001937a 4500
003 - CONTROL NUMBER IDENTIFIER
control field OSt
005 - DATE AND TIME OF LATEST TRANSACTION
control field 20251122114319.0
008 - FIXED-LENGTH DATA ELEMENTS--GENERAL INFORMATION
fixed length control field 251122b |||||||| |||| 00| 0 eng d
040 ## - CATALOGING SOURCE
Original cataloging agency DWCL-Main lib.
Transcribing agency OC
082 ## - DEWEY DECIMAL CLASSIFICATION NUMBER
Classification number GR. 641.597 W859c 1970
100 ## - MAIN ENTRY--PERSONAL NAME
Personal name Wolfe, Linda
245 ## - TITLE STATEMENT
Title The cooking of the Carribean Islands/
Statement of responsibility, etc. Linda Wolfe
260 ## - PUBLICATION, DISTRIBUTION, ETC.
Place of publication, distribution, etc. N. Y. :
Name of publisher, distributor, etc. Time-Life Books,
Date of publication, distribution, etc. c1970.
300 ## - PHYSICAL DESCRIPTION
Extent 208 p. :
Other physical details col. ill. ;
Dimensions 28 cm.
504 ## - BIBLIOGRAPHY, ETC. NOTE
Bibliography, etc. note Includes indexes.
650 ## - SUBJECT ADDED ENTRY--TOPICAL TERM
Topical term or geographic name entry element Cooking-Carribean.
700 ## - ADDED ENTRY--PERSONAL NAME
Personal name Meek, Richard
942 ## - ADDED ENTRY ELEMENTS (KOHA)
Source of classification or shelving scheme Dewey Decimal Classification
Koha item type General Reference
Classification part GR.
Suppress in OPAC No
952 ## - LOCATION AND ITEM INFORMATION (KOHA)
--
Holdings
Withdrawn status Lost status Source of classification or shelving scheme Damaged status Not for loan Home library Current library Shelving location Date acquired Source of acquisition Cost, normal purchase price Total Checkouts Full call number Barcode Date last seen Copy number Price effective from Koha item type Uniform Resource Identifier
    Dewey Decimal Classification     College Library HM & Nursing Library General Reference 06/23/2008 Donation 0.00   GR. 641.597 W859c 1970 CL45972 11/22/2025 c1 11/22/2025 GR